Visualizzazione normale
Vista MARC
- Sorrentino, Nicola
di Personal Name
Records bibliografici associati: 1
001 - CONTROL NUMBER
- control field: 29361
003 - CONTROL NUMBER IDENTIFIER
- control field: IT-RoINE
005 - DATE AND TIME OF LATEST TRANSACTION
- control field: 20161229105709.0
008 - FIXED-LENGTH DATA ELEMENTS
- fixed length control field: 161229|| aca||aabn | a|a d
040 ## - CATALOGING SOURCE
- Original cataloging agency: IT-RoINE
- Transcribing agency: IT-RoINE
100 ## - HEADING--PERSONAL NAME
- Personal name: Sorrentino, Nicola
670 ## - SOURCE DATA FOUND
- Source citation: Work cat.: (IT-RoINE)0: Steigleder, Klaus 29359, L'Opus Dei :, 1986.